Blessing in Disguise (Record no. 2750)

MARC details
000 -LEADER
fixed length control field 00371nam a22001337a 4500
008 - FIXED-LENGTH DATA ELEMENTS--GENERAL INFORMATION
fixed length control field 250327b |||||||| |||| 00| 0 eng d
020 ## - INTERNATIONAL STANDARD BOOK NUMBER
ISBN 9781416525615
100 ## - MAIN ENTRY--AUTHOR
Author BILLINGSLEY, Tate Reshonda
245 ## - TITLE STATEMENT
Title Blessing in Disguise
260 ## - PUBLICATION, DISTRIBUTION, ETC. (IMPRINT)
Place of publication New York
Name of publisher Pocket Books A Division of Simon & Shuster Inc.
Date of publication 2007
300 ## - COLLATION
Pagination viii, 172p.
942 ## - ADDED ENTRY ELEMENTS (KOHA)
Item type Books
050 ## - LIBRARY OF CONGRESS CALL NUMBER
Classification number PS427
Item number .B55
Holdings
Source of classification or shelving scheme Not for loan Permanent location Current location Date acquired Accession No. Full call number Barcode. Koha item type
Library of Congress Classification   Samuel Ogbemudia Main Library, University of Abuja Samuel Ogbemudia Main Library, University of Abuja 03/27/2025 2011/42620 PS427.B55 2025-1051 Books